00381pab a2200145 454500008004000000100001800040245004900058260000900107300001300116362000800129650003100137650002800168650002000196773001900216180718b2004 xxu||||| |||| 00| 0 eng d aAdi, Mukta S. aPublic expenditure on social sector in India c2004 ap.30-38. aApr aPublic expenditure - India aSocial services - India aSocial services aSocial Welfare